Els Joves al camp
ISBN:
84-505-0234-9
Publicado:
Barcelona :
Diputació de Barcelona. Servei d'Esports i Joventut : Servei d'Agricultura i Ramaderia ,
1984
Descripción Física:
75 p. ; 21 cm
Colección:
Materials de Joventut ; 2
MARC
| LEADER | 00000nam a2200000Ia 4500 | ||
|---|---|---|---|
| 001 | 1616 | ||
| 008 | 160829s1984 xx 000 0 cat d | ||
| 020 | |a 84-505-0234-9 | ||
| 080 | |a S-1-63 | ||
| 245 | |a Els Joves al camp | ||
| 260 | |a Barcelona : |b Diputació de Barcelona. Servei d'Esports i Joventut : |b Servei d'Agricultura i Ramaderia, |c 1984 | ||
| 300 | |a 75 p. ; |c 21 cm | ||
| 490 | |a Materials de Joventut ; 2 | ||
| 590 | |a Ponències a aquestes jornades | ||
| 650 | |a Treballadors agrícoles |9 32802 | ||
| 650 | 0 | |a Joves |x Treball |9 26777 | |
| 710 | 1 | |a Barcelona (Catalunya : Província). |b Servei d'Esports i Joventut |9 53771 | |
| 710 | 1 | |a Barcelona (Catalunya : Província). |b Servei d'Agricultura i Ramaderia |9 54365 | |
| 901 | |a Arxiu | ||
| 942 | |n 1 | ||
| 952 | |0 0 |1 0 |4 0 |6 S163 |7 1 |9 46106 |a Arxiu |b Arxiu |d 2016-12-01 |l 0 |o S-1-63 |p 1616 |r 2016-12-01 00:00:00 |w 2016-12-01 |y ARXIU | ||
| 999 | |c 49608 |d 49608 | ||